000 00400nam a2200157Ia 4500
008 230917s9999||||xx |||||||||||||| ||und||
040 _e161170
_aMAIN
041 _aEnglish
082 _a346.0922 M19W(3)
100 _aMachiraju, H R
245 0 _aworking of stock exchanges in India
250 _a3rd ed.
260 _aNew Delhi
_bNew Age International
_c2009
300 _a304 p.
942 _cBK
999 _c148489
_d148489